Statistiques concernant Top 10 des sportifs les plus intelligents

Cliquez ici pour prendre le quiz!

Statistiques générales

  • Ce quiz a été pris 18 fois
  • Le résultat moyen est 1 sur 10

Statistiques - réponses

CaractéristiquesRéponses% Correct
basketteur espagnol j'ai été accepté à l’Université de médecine de Barcelone et je parle 5 langues (Italien, Français, Anglais, Espagnol et Catalan). Qui suis je ?Pau Gasol
61%
je suis un footballeur de légende ayant évolué à Chelsea avec un QI de 170. On rappelle que celui d’Einstein serait de 160 ! Qui suis je ?Franck Lampard
33%
Ancienne joueuse de tennis mon QI serait de 175. Plus qu’Einstein et moins que le joueur d’échec, Bobby Fischer ! Qui suis je ?Marion Bartoli
17%
je suis un golfeur américain diplômé en économie de l’Université de Duke en 1996. Durant ma carrière je suis rapidement devenu « le gars à qui parler » lorsque les golfeurs voulaient faire du business. Je suis le fondateur du fonds d’investissement Ogilvy Capital. Qui suis je ?Joe Ogilvy
6%
Après avoir porté le maillot des New-York Knicks pendant 12 ans, j'ai été Sénateur du New-Jersey pendant 3 mandats. j'ai été diplômé de l’Université de Princeton et j'ai obtenu la « Bourse Rhodes ». Enfin, j'ai été le premier athlète à me présenter à la Primaire Démocrate pour l’élection présidentielle américaine. Qui suis je ?Bill Bradley
0%
Ancienne numéro 5 mondiale et Slovaque je suis également une excellente joueuse de piano et parle 4 langues. Qui suis je ?Daniela Hantuchova
0%
footballeur espagnol je suis diplômé de journalisme à l’Université Polytechnique de Madrid je prépare deux diplômes par correspondance : l’un en éducation physique, l’autre en marketing. Enfin, j'ai un goût prononcé pour la littérature. Qui suis je ?Juan Mata
0%
j'ai obtenu une « Bourse Rhodes » et je suis diplômé de médecine anthropologique à Oxford. j'ai été nommé deuxième sportif le plus intelligent en 2010 par « Sporting News ». Qui suis je ?Myron Rolle
0%
Diplômé de la prestigieuse Université d’Harvard, j'ai obtenu le score de 48 au « Wonderlic Test », un examen que la NFL utilise afin de jauger la capacité de joueurs à traiter et exécuter l’information. Qui suis je ?Ryan Fitzpatrick
0%
Canadien, je possède un diplôme de sociologie de l’Université de Santa Clara. je suis également connu pour être un philanthrope mais également un producteur et réalisateur de film. Qui suis je ?Steve Nash
0%

Distribution des résultats

Percentile par nombre de réponses

% des personnes avec chaque résultat

Votre développement - résultats

Vous n’avez pas pris ce quiz